Réfs de Friends - H - Statistiques

Statistiques générales
  • Ce quiz a été pris 141 fois
  • Le résultat moyen est 6 sur 14
Statistiques - réponses
Par images Hint Réponse % Correct
Ross veut initier Ben à la fête juive... Hannukah
89%
Nom Hannigan
80%
Nationalité Hollandaise
65%
Prénom Hugsy
65%
Prénom proposé par Joey pour le bébé Le {Hulk}
61%
Nom Heckles
59%
Signe Homard
54%
Atout Humour
52%
Recette mélangée au diplomate Hachis parmentier
44%
Groupe qu'ils ont prévu de voir Hootie et les Poissons Volants
17%
Prénom et/ou nom de scène Helena Handbasket
15%
Fête organisée pour le départ de... Howard
13%
Prénom Hillary
7%
Prénom Hayley
4%
Aucun quiz correspondant
Distribution des résultats
% des personnes avec chaque résultat
Percentile par nombre de réponses
Votre historique - résultats
Vous n’avez pas pris ce quiz